| 000 | 00363nam a22001457a 4500 | ||
|---|---|---|---|
| 999 |
_c15680 _d15680 |
||
| 003 | OSt | ||
| 008 | 190527b ||||| |||| 00| 0 eng d | ||
| 020 | _a9781118008188 | ||
| 082 |
_a006.74 _bDUC/HT |
||
| 100 |
_aDuckett, Jon. _94172 |
||
| 245 | _aHTML & CSS : Design and Build Websites | ||
| 260 |
_bJohn Wiley & Sons,INC. _c2011 |
||
| 300 | _a490 p. | ||
| 942 | _cBK | ||